| 000 | 01320 a2200181 4500 | ||
|---|---|---|---|
| 003 | Nust | ||
| 005 | 20230201102659.0 | ||
| 040 | _cNust | ||
| 082 | _a808.83,LAW | ||
| 100 |
_aLawrence, David Herbert _9108337 |
||
| 245 |
_aThe plumed serpent / _cD. H. Lawrence, |
||
| 260 |
_aLondon _bMartin Secker _c1926 |
||
| 300 |
_a476 p _billus _c18 cm |
||
| 505 | _aBeginnings of a Bull-Fight (Page-7), Tea Party in Talacolula (Page-26), Fortieth Birthday (Page-52), to stay or not tostay (Page-77), The Like (Page-87), The Move Down The Lake (Page-106), The Plaza (Page-120), Night In The House (Page-142), Casa De La Cuentas (Page-149), Don Ramon and Dona Carlota (Page-165), Lords Of The Day And Night (Page-181), The First Waters (page-194), The First Rain (Page-204), Home To Sayula (Page-221), The Written Hymns Of Quetzalcoatl (Page-236), Cipriano And Kate (Page-245), Fourth Hymn and The Bishop (Page-264), Auto Da Fe (Page-287), The Attack on Jamiltepec (Page-308), Marriage By Quetzalcoatl (Page-327), The Opening of the Church (Page-355), The Living Huitzilopochtli (Page-377), Huitzilopochtli Night (Page-398), Malintzi (Page-413), Teresa (Page-422), Kate is A Wife (Page-443), Here (Page-456). | ||
| 600 |
_aLawrence, David Herbert _9108337 |
||
| 650 |
_aThe plumed serpent _9108338 |
||
| 942 |
_2ddc _cBK _k808.83,LAW |
||
| 999 |
_c186367 _d186367 |
||